000 00227nam a2200085Ia 4500
245 0 _aYou too can succeed
100 _a Joginder Singh, Elgin, IL, [2009]
_952065
942 _cBK
008 210817s9999 xx 000 0 und d
999 _c259777
_d259776